000 00442pab a2200181 454500
008 180718b2013 xxu||||| |||| 00| 0 eng d
100 _aSanjay Kumar
245 _aThe weakening of electoral anti-incumbency
260 _c2013
300 _ap.128-131.
362 _a30 Mar
650 _aElections
700 _aGupta, Pranav
700 _aSardesai, Shreyas
773 _aEconomic and Political Weekly
908 _aN
909 _a99247
999 _c99246
_d99246